Kissinger: retrato de una mente
Saved in:
| Hovedforfatter: | |
|---|---|
| Format: | Bog |
| Sprog: | spansk |
| Udgivet: |
Barcelona
Dopesa
1973
|
| Serier: | Grandes Biografías, 6
|
| Fag: | |
| Tags: |
Tilføj Tag
Ingen Tags, Vær først til at tagge denne postø!
|
MARC
| LEADER | 00000nam a2200000 a 4500 | ||
|---|---|---|---|
| 001 | UCT7177 | ||
| 003 | CL-VaPUC | ||
| 005 | 20240425161929.0 | ||
| 008 | 970116e19730900SP |||||||||||||||||spa|d | ||
| 999 | |c 255836 |d 255834 | ||
| 040 | |c Pontificia Universidad Católica de Valparaíso | ||
| 082 | 0 | 4 | |a 923.2 |b GRA |2 21 |
| 100 | |a Graubard, Stephen R |e author |9 575004 | ||
| 245 | 1 | 0 | |a Kissinger: retrato de una mente |
| 260 | |a Barcelona |b Dopesa |c 1973 | ||
| 300 | |a 356 p | ||
| 490 | 0 | |a Grandes Biografías, 6 | |
| 583 | |a last modification |c 19970116 00:00:00 |k Rodrigo Vera | ||
| 600 | 0 | |a Kissinger, Henry Alfred |d 1923-2023 |9 859269 | |
| 650 | 0 | |a Biografías |9 255210 | |
| 650 | 0 | |a Políticos |9 256302 | |
| 650 | 0 | |a Relaciones Internacionales |9 255740 | |
| 650 | 0 | |a Política internacional |9 255813 | |
| 651 | 0 | |a Estados Unidos |9 255178 | |
| 852 | |a BIBCUR | ||
| 942 | |c BK |2 ddc | ||
| 945 | |d 19970116 00:00:00 |a paguirre | ||
| 952 | |0 0 |1 0 |4 0 |6 923_200000000000000_GRA_1973 |7 0 |8 P |9 278282 |a BIBDER |b BIBDER |d 2019-11-19 |i 1807153 |o 923.2 GRA 1973 |p 1807153 |r 2023-01-25 |w 2019-11-19 |y BK |k DER | ||